000 00997nam a2200181Ia 4500
008 151202s9999||||xx |||||||||||||| ||und||
082 _bPNVM-73700
100 _aसक्सेना रीचा/अनु.ढापरे प्रसाद.
245 _aनोबेल पारितोषिक विजेते-अमर्त्य सेन जीवन चरित्र.
260 _b"मिरर पब्लिशिंग,पुणे."
260 _c7370
300 _a151
600 _aसक्सेना रीचा/अनु.ढापरे प्रसाद.
630 _aनोबेल पारितोषिक विजेते-अमर्त्य सेन जीवन चरित्र.
700 _aसक्सेना रीचा/अनु.ढापरे प्रसाद.
730 _aनोबेल पारितोषिक विजेते-अमर्त्य सेन जीवन चरित्र.
942 _cBOOK
999 _c1340363
_d1340360